000
00270nam a2200121 a 4500
001
4140
005
20140414131957.0
008
090218s19uu xx 00 eng d
050
_a
TR 538.4
_b
Sc7 2003
100
_a
Schreiber, Anne
245
_a
Magnets.
999
_c
112954
_d
112954